|
|
|
|
| LEADER |
01928nam a2200325 u 4500 |
| 001 |
10022548 |
| 003 |
GR-PaULI |
| 005 |
20210117205655.0 |
| 008 |
990123s1998 si eng |
| 952 |
|
|
|0 0
|1 0
|2 ddc
|4 0
|6 530_412000000000000_COL
|7 0
|9 187121
|a LISP
|b LISP
|c BSC
|d 2016-04-24
|i 043920
|l 0
|o 530.412 COL
|p 025000056188
|r 2016-04-24 00:00:00
|t 1
|v 2016.00
|w 2016-04-24
|y BK15
|
| 952 |
|
|
|0 0
|1 0
|2 ddc
|4 0
|6 530_412000000000000_COL
|7 0
|9 187122
|a LISP
|b LISP
|c BSC
|d 2016-04-24
|i 054069
|l 0
|o 530.412 COL
|p 025000074715
|r 2016-04-24 00:00:00
|t 2
|v 2016.00
|w 2016-04-24
|y BK15
|
| 952 |
|
|
|0 0
|1 0
|2 ddc
|4 0
|6 530_412000000000000_COL
|7 0
|9 187123
|a LISP
|b LISP
|c ALFe
|d 2016-04-24
|i 054081
|l 0
|o 530.412 COL
|p 025000074717
|r 2016-04-24 00:00:00
|t 3
|v 2016.00
|w 2016-04-24
|y BK15
|
| 952 |
|
|
|0 0
|1 0
|2 ddc
|4 0
|6 530_412000000000000_COL
|7 0
|9 187124
|a LISP
|b LISP
|c ALFe
|d 2016-04-24
|i 054080
|l 0
|o 530.412 COL
|p 025000074716
|r 2016-04-24 00:00:00
|t 4
|v 2016.00
|w 2016-04-24
|y BK15
|
| 999 |
|
|
|c 115416
|d 115416
|
| 020 |
|
|
|a 9810232764
|
| 040 |
|
|
|a GR-PaULI
|c GR-PaULI
|b gre
|e AACR2
|
| 082 |
0 |
4 |
|a 530.412
|2 23
|
| 245 |
0 |
0 |
|a Colossal magnetoresistance, charge ordering and related properties of manganese oxides /
|c editors C.N.R. Rao, B. Raveau.
|
| 260 |
|
|
|a Singapore :
|b World Scientific,
|c 1998.
|
| 300 |
|
|
|a viii, 345 σ. ;
|b
|c 23 εκ.
|
| 504 |
|
|
|a Περιλαμβάνει βιβλιογραφικές παραπομπές και ευρετήριο.
|
| 650 |
|
4 |
|a Μαγνητοχημεία
|9 43765
|
| 650 |
|
4 |
|a Μαγγάνιο
|x
|9 9108
|
| 650 |
|
4 |
|a Φυσική
|x Συμπυκνωμένη ύλη
|x Ιδιότητες
|9 46973
|
| 650 |
|
4 |
|a Οξείδωση
|9 33388
|
| 650 |
|
4 |
|9 179
|a Φυσική της στερεάς κατάστασης
|
| 700 |
1 |
|
|a Rao, C. N. R.
|d 1934-
|q (Chintamani Nagesa Ramachandra),
|4
|9 56092
|e επιμελητής.
|
| 700 |
1 |
|
|a Raveau, B.
|d 1940-
|q (Bernard),
|4
|9 130242
|e επιμελητής.
|
| 942 |
|
|
|2 ddc
|c BK15
|
| 998 |
|
|
|c ΜΠΟΥΡΑΣ
|d 2019-07
|